1311 1675 1202 1943 1267 1887 1258 1857 1225 1621 1995 1779 1580 1646 1578 1735 1309 1550 1248 1622 1402 1643 1554 1747 1547 1977 1947 1230 1216 1979 1378 1684 1123 1198 1727 1888 1327 1790 1031 1661 1904 1120 1393 1378 1227 1405 1068 1291 1323 1563 1309 1179 1983 1518 1505 1592 1817 1260 1063 1821 1995 1895 1313 1255 1676 1687 1269 1621 1837 1265 1318 1751 1569 1345 1650 1924 1390 1707 1004 1341 1780 1665 1896 1301 1425 1073 1423 1878 1836 1625 1388 1128 1366 1482 1798 1050 1852 1627 1001 BCNSPRNW ULIB Ver.6.0+V

เปลี่ยนเป็นภาษาไทย

Change to English
 แสดงรายละเอียดบรรณานุกรม
  กลับหน้าหลัก

Brief Record : Get Marc (ISO 2709) : E-mail record : QR code < ปิดหน้าต่าง
LEADER : 00000nam 2200000uu 4500
001    13399125744
003     ULIB
008    170829s2560||||th 000 0 tha d
020    ^a9786164298224
060    ^aWA540.1^bภ354ก 2560
100 0  ^aภัทรา ซูริค
245 10 ^aการสร้างเสริมสุขภาพ :^bแนวคิด ทฤษฎี และนวัตกรรม =^bHealth Promotion : Concepts, Theories & Innovation/^cประกาย จิโรจน์กุล
246 0  ^aHealth Promotion : Concepts, Theories & Innovation
250    ^aพิมพ์ครั้งที่ 2.
260    ^aกรุงเทพฯ :^bกรีนไลฟ์ พริ้นติ้ง เฮ้าส์,^c2560
300    ^a223 หน้า ;^c21 ซม.
650  7 ^aการส่งเสริมสุขภาพ
650  7 ^aการสร้างเสริมสุขภาพ
650  7 ^aสุขภาพและอนามัย
650  4 ^aนวัตกรรม
945    ^p0^l0^i002980
945    ^p0^l0^i002981
945    ^p0^l0^i002982
945    ^p0^l0^i002983
945    ^p0^l0^i002984
945    ^p0^l0^i002985
945    ^p0^l0^i002986
945    ^p0^l0^i002987
945    ^p0^l0^i002988
945    ^p0^l0^i002989
945    ^p0^l0^i002990
945    ^p0^l0^i002991
945    ^p0^l0^i002992
945    ^p0^l0^i002993
945    ^p0^l0^i002994
999    ^aประนอม เกษจรัล
รายการนี้ยังไม่มีแท็ก
คุณยังไม่ได้ล็อกอิน คุณสามารถมีกิจกรรมร่วมกับเว็บไซต์ได้ แต่ต้องล็อกอินก่อน ::
  ล็อกอิน

รายการสื่อสารสนเทศ

ลำดับที่ ประเภท เลขเรียก/บาร์โค้ด สถานที่ สถานะ
1. วิทยาศาสตร์การแพทย์ และสุขภาพ
หนังสือสำรอง
สถานะ=หนังสือสำรอง
WA540.1 ภ354ก 2560 ฉ.1 
  Barcode: 002980
ห้องสมุดวิทยาเขตสวรรค์ประชารักษ์
►หนังสือทั่วไป
บนชั้น
2. วิทยาศาสตร์การแพทย์ และสุขภาพ
วิทยาศาสตร์การแพทย์ และสุขภาพ
WA540.1 ภ354ก 2560 ฉ.10 
  Barcode: 002989
ห้องสมุดวิทยาเขตสวรรค์ประชารักษ์
►หนังสือทั่วไป
บนชั้น
3. วิทยาศาสตร์การแพทย์ และสุขภาพ
วิทยาศาสตร์การแพทย์ และสุขภาพ
WA540.1 ภ354ก 2560 ฉ.11 
  Barcode: 002990
ห้องสมุดวิทยาเขตสวรรค์ประชารักษ์
►หนังสือทั่วไป
บนชั้น
4. วิทยาศาสตร์การแพทย์ และสุขภาพ
วิทยาศาสตร์การแพทย์ และสุขภาพ
WA540.1 ภ354ก 2560 ฉ.12 
  Barcode: 002991
ห้องสมุดวิทยาเขตสวรรค์ประชารักษ์
►หนังสือทั่วไป
บนชั้น
5. วิทยาศาสตร์การแพทย์ และสุขภาพ
วิทยาศาสตร์การแพทย์ และสุขภาพ
WA540.1 ภ354ก 2560 ฉ.13 
  Barcode: 002992
ห้องสมุดวิทยาเขตสวรรค์ประชารักษ์
►หนังสือทั่วไป
บนชั้น
6. วิทยาศาสตร์การแพทย์ และสุขภาพ
วิทยาศาสตร์การแพทย์ และสุขภาพ
WA540.1 ภ354ก 2560 ฉ.14 
  Barcode: 002993
ห้องสมุดวิทยาเขตสวรรค์ประชารักษ์
►หนังสือทั่วไป
บนชั้น
7. วิทยาศาสตร์การแพทย์ และสุขภาพ
วิทยาศาสตร์การแพทย์ และสุขภาพ
WA540.1 ภ354ก 2560 ฉ.15 
  Barcode: 002994
ห้องสมุดวิทยาเขตสวรรค์ประชารักษ์
►หนังสือทั่วไป
บนชั้น
8. วิทยาศาสตร์การแพทย์ และสุขภาพ
วิทยาศาสตร์การแพทย์ และสุขภาพ
WA540.1 ภ354ก 2560 ฉ.2 
  Barcode: 002981
ห้องสมุดวิทยาเขตสวรรค์ประชารักษ์
►หนังสือทั่วไป
บนชั้น
9. วิทยาศาสตร์การแพทย์ และสุขภาพ
วิทยาศาสตร์การแพทย์ และสุขภาพ
WA540.1 ภ354ก 2560 ฉ.3 
  Barcode: 002982
ห้องสมุดวิทยาเขตสวรรค์ประชารักษ์
►หนังสือทั่วไป
บนชั้น
10. วิทยาศาสตร์การแพทย์ และสุขภาพ
วิทยาศาสตร์การแพทย์ และสุขภาพ
WA540.1 ภ354ก 2560 ฉ.4 
  Barcode: 002983
ห้องสมุดวิทยาเขตสวรรค์ประชารักษ์
►หนังสือทั่วไป
บนชั้น
11. วิทยาศาสตร์การแพทย์ และสุขภาพ
วิทยาศาสตร์การแพทย์ และสุขภาพ
WA540.1 ภ354ก 2560 ฉ.5 
  Barcode: 002984
ห้องสมุดวิทยาเขตสวรรค์ประชารักษ์
►หนังสือทั่วไป
บนชั้น
12. วิทยาศาสตร์การแพทย์ และสุขภาพ
วิทยาศาสตร์การแพทย์ และสุขภาพ
WA540.1 ภ354ก 2560 ฉ.6 
  Barcode: 002985
ห้องสมุดวิทยาเขตสวรรค์ประชารักษ์
►หนังสือทั่วไป
บนชั้น
13. วิทยาศาสตร์การแพทย์ และสุขภาพ
วิทยาศาสตร์การแพทย์ และสุขภาพ
WA540.1 ภ354ก 2560 ฉ.7 
  Barcode: 002986
ห้องสมุดวิทยาเขตสวรรค์ประชารักษ์
►หนังสือทั่วไป
บนชั้น
14. วิทยาศาสตร์การแพทย์ และสุขภาพ
วิทยาศาสตร์การแพทย์ และสุขภาพ
WA540.1 ภ354ก 2560 ฉ.8 
  Barcode: 002987
ห้องสมุดวิทยาเขตสวรรค์ประชารักษ์
►หนังสือทั่วไป
บนชั้น
15. วิทยาศาสตร์การแพทย์ และสุขภาพ
วิทยาศาสตร์การแพทย์ และสุขภาพ
WA540.1 ภ354ก 2560 ฉ.9 
  Barcode: 002988
ห้องสมุดวิทยาเขตสวรรค์ประชารักษ์
►หนังสือทั่วไป
บนชั้น

รายการใกล้เคียง
    ผู้แต่ง [ภัทรา ซูริค]

    หัวเรื่อง [การส่งเสริมสุขภาพ]
    หัวเรื่อง [การสร้างเสริมสุขภาพ]
    หัวเรื่อง [สุขภาพและอนามัย]
    หัวเรื่อง [นวัตกรรม]

BibComment


ยังไม่เคยถูกคอมเมนท์

คอมเมนท์ทรัพยากรรายการนี้
  คอมเมนท์: การสร้างเสริมสุข..


 Copyright 2026. Bcnsprnw @Library